Meiji Taishō bungaku zenshū. Dai 17-kan /
Saved in:
| Main Author: | |
|---|---|
| Format: | Book |
| Language: | Japanese |
| Published: |
Tōkyō :
Shunʾyōdō,
Shōwa 3 [1928]
|
| Subjects: | |
| Tags: |
Add Tag
No Tags, Be the first to tag this record!
|
| LEADER | 01370nam a2200301ui 4500 | ||
|---|---|---|---|
| 001 | 007787535-4 | ||
| 005 | 20024617121422.0 | ||
| 008 | 920416s1928 ja 000 0 jpn d | ||
| 035 | 0 | |a ocm33738595 | |
| 040 | |a *LWU* |b jpn |c *LWU* |d OCoLC |d *YNH* |d CStRLIN | ||
| 100 | 1 | |6 880-01 |a Oguri, Fūyō, |d 1875-1926. | |
| 245 | 1 | 0 | |6 880-02 |a Meiji Taishō bungaku zenshū. |n Dai 17-kan / |c Oguri Fūyō cho. |
| 260 | |6 880-03 |a Tōkyō : |b Shunʾyōdō, |c Shōwa 3 [1928] | ||
| 300 | |a 608 p. ; |c 20 cm. | ||
| 500 | |6 880-04 |a Hibaihin. | ||
| 500 | |6 880-05 |a Chosha no shōzō ari. | ||
| 505 | 0 | |6 880-06 |a Seishun (haru no maki, natsu no maki, aki no maki) -- Renbo nagashi -- Katsura shitaji -- Kaisetsu / Okamoto Reika -- Chosha nenpu / Nakamura Burafu: p. 606-608. | |
| 650 | 0 | |a Japanese literature |y Shōwa period, 1926-1989. | |
| 650 | 0 | |a Japanese literature |y Taishō period, 1912-1926. | |
| 880 | 1 | |6 100-01 |a 小栗風葉, |d 1875-1926. | |
| 880 | 1 | 0 | |6 245-02 |a 明治大正文学全集. |n 第17卷 / |c 小栗風葉著. |
| 880 | |6 260-03 |a 東京 : |b 春陽堂, |c 昭和3 [1928] | ||
| 880 | |6 500-04 |a 非賣品. | ||
| 880 | |6 500-05 |a 著者の肖像あり. | ||
| 880 | 0 | |6 505-06 |a 青春(春之卷, 夏之卷, 秋之卷) -- 恋慕ながし -- 鬘下地 -- 解說/ 岡本霊華 -- 著者年譜/ 中村武羅夫: p. 606-608. | |
| 886 | 2 | |2 jpnmarc |a 677 |b 918.6 | |
| 988 | |a 20021220 | ||
| 906 | |0 OCLC | ||


